000 01081cam a2200433 4500500
005 20260405002349.0
041 _afre
042 _adc
100 1 0 _aTesson, Sylvain
_eauthor
245 0 0 _aPeut-on aller bien dans un monde qui va mal ?
260 _c2017.
500 _a83
690 _aAction
690 _aAltruisme
690 _aAnarchisme
690 _aBien
690 _aCicéron
690 _aCréation
690 _aDandysme
690 _aEmpire
690 _aEngagement
690 _aÉpicurisme
690 _aFoyer
690 _aIsabelle Sorente
690 _aMaison
690 _aMal
690 _aMarc Aurèle
690 _aMonde
690 _aPhilippe Corcuff
690 _aPolitique
690 _aRefuge
690 _aRépublique
690 _aRetrait
690 _aRome
690 _aStoïcisme
690 _aTravail
786 0 _nPhilosophie magazine | 107 | 3 | 2017-03-01 | p. 24-24 | 1951-1787
856 4 1 _uhttps://shs.cairn.info/magazine-philosophie-magazine-2017-3-page-24?lang=fr&redirect-ssocas=7080
999 _c2057033
_d2057033